Histoire du drapeau de Trinité-et-Tobago - Statistiques

Statistiques générales
  • Ce quiz a été pris 20 fois
  • Le résultat moyen est 4 sur 6
Statistiques - réponses
Hint Réponse % Correct
Trinité-et-Tobago (drapeau actuel depuis 1962)
100%
Colonie britannique de Trinité-et-Tobago (1889-1958)
72%
Fédération des Indes orientales (1958-1962)
61%
Deuxième drapeau des Antilles britanniques (1801-1875)
39%
Premier drapeau des Antilles britanniques (1796-1801)
39%
Empire espagnol (1498-1796)
39%
Aucun quiz correspondant
Distribution des résultats
% des personnes avec chaque résultat
Percentile par nombre de réponses
Votre historique - résultats
Vous n’avez pas pris ce quiz